<?xml version="1.0" encoding="utf-8"?>
<?xml-stylesheet type='text/xsl' href='./oai2.xsl'?>
<OAI-PMH xmlns="http://www.openarchives.org/OAI/2.0/" xmlns:xsi="http://www.w3.org/2001/XMLSchema-instance" xsi:schemaLocation="http://www.openarchives.org/OAI/2.0/ http://www.openarchives.org/OAI/2.0/OAI-PMH.xsd">
  <responseDate>2026-04-28T12:34:41Z</responseDate>
  <request verb="GetRecord" metadataPrefix="marcxml" identifier="record_kuniweb_676052">https://kulturerbe.niedersachsen.de/oai</request>
  <GetRecord>
    <record>
      <header>
        <identifier>record_kuniweb_676052</identifier>
        <datestamp>2021-12-14T12:05:43Z</datestamp>
        <setSpec>slg0019</setSpec>
      </header>
      <metadata>
        <marc:record xmlns:marc="http://www.loc.gov/MARC21/slim" xsi:schemaLocation="http://www.loc.gov/MARC21/slim http://www.loc.gov/standards/marcxml/schema/MARC21slim.xsd">
          <marc:leader>12345nrm  22     uu 4500</marc:leader>
          <marc:controlfield tag="001">676052</marc:controlfield>
          <marc:controlfield tag="003">http://kuniweb.gbv.de</marc:controlfield>
          <marc:controlfield tag="005">2017-04-04T09:50:23</marc:controlfield>
          <marc:controlfield tag="008">|           ||||||||||||||||||||||</marc:controlfield>
          <marc:datafield tag="245" ind1="1" ind2="0">
            <marc:subfield code="a">Höhlenbär</marc:subfield>
          </marc:datafield>
          <marc:datafield tag="655" ind1=" " ind2="7">
            <marc:subfield code="a">Naturkunde</marc:subfield>
          </marc:datafield>
          <marc:datafield tag="046" ind1=" " ind2=" ">
            <marc:subfield code="k">-2599999</marc:subfield>
            <marc:subfield code="k">ca. 2600000 v. Chr. (Eiszeit)</marc:subfield>
          </marc:datafield>
          <marc:datafield tag="260" ind1=" " ind2=" ">
            <marc:subfield code="g">-2599999</marc:subfield>
            <marc:subfield code="g">ca. 2600000 v. Chr. (Eiszeit)</marc:subfield>
          </marc:datafield>
          <marc:datafield tag="300" ind1=" " ind2=" ">
            <marc:subfield code="a">Gewicht: 450 kg (Lebendgewicht)</marc:subfield>
          </marc:datafield>
          <marc:datafield tag="520" ind1=" " ind2=" ">
            <marc:subfield code="a">Höhlenbären (Ursus spealaeus) sind heute ausgestorbene, sehr großwüchsige Abkömmlinge des Etruskerbären und Verwandte der heutigen Braunbären. Sie lebten während der Eiszeiten. Ihre fossilen Überreste werden immer wieder in den europäischen Höhlensystemen entdeckt, in denen sie offensichtlich nicht nur überwinterten, sondern auch ganzjährig lebten. Der Höhlenbären-Schädel ist groß und schwer, weswegen auf dem hinteren Teil des Schädeldaches ein Kamm ausgebildet ist, an dem eine kräftige Nackenmuskulatur saß. Die Knochen der Stirnregion haben eine wabenartige Internstruktur mit vielen Hohlräumen; von der Seite betrachtet ist dies als deutlich hervortretender Stirnhöcker zu erkennen. Das Gebiss der Höhlenbären wirkt mit seinen langen und kräftigen Eckzähnen auf den ersten Blick gefährlich, Untersuchungen des Zahnschmelzes und von Kotballen haben jedoch ergeben, dass sie sich vorwiegend vegetarisch ernährten und keine dem eiszeitlichen Menschen gefährlich werdenden Raubtiere waren. (Niedersächsisches Landesmuseum Hannover)</marc:subfield>
          </marc:datafield>
          <marc:datafield tag="650" ind1="1" ind2=" ">
            <marc:subfield code="a">Höhlenbär</marc:subfield>
          </marc:datafield>
          <marc:datafield tag="650" ind1="1" ind2=" ">
            <marc:subfield code="a">Fossil, Präparat, menschliche, tierische und pflanzliche Überreste &gt; Fossil</marc:subfield>
          </marc:datafield>
          <marc:datafield tag="773" ind1="0" ind2=" ">
            <marc:subfield code="t">Naturkunde</marc:subfield>
          </marc:datafield>
          <marc:datafield tag="852" ind1=" " ind2=" ">
            <marc:subfield code="a">Niedersächsisches Landesmuseum Hannover</marc:subfield>
          </marc:datafield>
          <marc:datafield tag="852" ind1=" " ind2=" ">
            <marc:subfield code="a">Schwarzes Meer</marc:subfield>
          </marc:datafield>
          <marc:datafield tag="" ind1=" " ind2=" ">
            <marc:subfield code="a">Namensnennung 4.0 International (CC BY 4.0)</marc:subfield>
          </marc:datafield>
        </marc:record>
      </metadata>
    </record>
  </GetRecord>
</OAI-PMH>
